[Event "Copenhagen Challenge"]
[Site "Ballerup"]
[Date "2017.05.13"]
[Round "7"]
[White "Andreasen, Joan Hendrik"]
[Black "Hector, Jonny"]
[Result "0-1"]
[WhiteElo "2189"]
[BlackElo "2498"]
[PlyCount "44"]
[EventDate "2017.05.10"]
[EventType "swiss"]
[EventRounds "9"]
[EventCountry "DEN"]
[SourceTitle "CBM 178 Extra"]
[Source "ChessBase"]
[SourceDate "2017.06.22"]
[SourceVersion "1"]
[SourceVersionDate "2017.06.22"]
[SourceQuality "1"]

1. d4 d5 2. c4 c6 3. Nf3 Nf6 4. Nc3 dxc4 5. a4 Bf5 6. e3 e6 7. Bxc4 Bb4 8. 0-0 Nbd7 9. Qe2 Bg6 10. Rd1 0-0 11. Bd3 Bh5 12. h3 Qe7 13. e4 e5 14. d5 cxd5 15. Nxd5 Nxd5 16. exd5 f5 17. d6 Bxd6 18. g4 fxg4 19. Ng5 Nf6 20. hxg4 Bxg4 21. Bxh7+ Kh8 22. f3 Bc5+ 0-1

[Event "DEN-chT 1617 55th"]
[Site "Denmark"]
[Date "2017.03.19"]
[Round "9.3"]
[White "Semcesen, Daniel"]
[Black "Andreasen, Joan Hendrik"]
[Result "1-0"]
[WhiteElo "2457"]
[BlackElo "2215"]
[PlyCount "85"]
[EventDate "2016.10.29"]
[EventType "team-tourn"]
[EventRounds "9"]
[EventCountry "DEN"]
[SourceTitle "EXT 2018"]
[Source "ChessBase"]
[SourceDate "2017.10.13"]
[SourceVersion "1"]
[SourceVersionDate "2017.10.13"]
[SourceQuality "1"]
[WhiteTeam "Skanderborg Nordea"]
[BlackTeam "Valby K41"]
[WhiteTeamCountry "DEN"]
[BlackTeamCountry "DEN"]

1. d4 Nf6 2. c4 g6 3. Nc3 d5 4. Bg5 Bg7 5. e3 c6 6. Nf3 0-0 7. Qb3 dxc4 8. Bxc4 Nbd7 9. 0-0 Nb6 10. Be2 Be6 11. Qc2 Nfd5 12. Rfd1 Nxc3 13. bxc3 Bc4 14. Rab1 Qc7 15. Bf4 Qd7 16. Bxc4 Nxc4 17. Qb3 b5 18. Nd2 Nxd2 19. Rxd2 a6 20. a4 Rfc8 21. h3 e6 22. Ra2 Bf8 23. Rba1 Bd6 24. Bxd6 Qxd6 25. Qb4 Qc7 26. axb5 cxb5 27. Rxa6 Rxa6 28. Rxa6 Qxc3 29. Qxb5 Qe1+ 30. Qf1 Qd2 31. Ra1 Rc2 32. Qe1 Qd3 33. Rd1 Qe4 34. Rd2 Rc3 35. Qd1 Qc6 36. Qg4 h5 37. Qf4 Rb3 38. Kh2 Qc1 39. Ra2 Rb5 40. Ra8+ Kg7 41. Qd6 Rd5 42. Qf8+ Kf6 43. Ra7 1-0

[Event "DEN-chT 1617 55th"]
[Site "Denmark"]
[Date "2017.01.07"]
[Round "4.5"]
[White "Andreasen, Joan Hendrik"]
[Black "Thybo, Jesper Sondergaard"]
[Result "0-1"]
[WhiteElo "2215"]
[BlackElo "2358"]
[PlyCount "72"]
[EventDate "2016.10.29"]
[EventType "team-tourn"]
[EventRounds "9"]
[EventCountry "DEN"]
[SourceTitle "EXT 2018"]
[Source "ChessBase"]
[SourceDate "2017.10.13"]
[SourceVersion "1"]
[SourceVersionDate "2017.10.13"]
[SourceQuality "1"]
[WhiteTeam "Valby K41"]
[BlackTeam "Jetsmark"]
[WhiteTeamCountry "DEN"]
[BlackTeamCountry "DEN"]

1. d4 Nf6 2. c4 e6 3. Nc3 c5 4. d5 exd5 5. cxd5 d6 6. Nf3 g6 7. Bf4 Bg7 8. e3 0-0 9. Be2 Nh5 10. Bg5 f6 11. Bh4 g5 12. Nd2 gxh4 13. Bxh5 f5 14. f4 Nd7 15. Qc2 Nf6 16. Bf3 Qe8 17. Kf2 b5 18. a4 b4 19. Nb5 Qe7 20. Nc4 Ne8 21. Bh5 Nf6 22. Bf3 Rd8 23. Ncxd6 Rxd6 24. Qxc5 Rd7 25. Qc4 Ne4+ 26. Ke2 Bb7 27. d6+ Qf7 28. Qxb4 a5 29. Qa3 Qc4+ 30. Ke1 Qc2 31. Qa2+ Kh8 32. b3 Qd3 33. Qe2 Qxe2+ 34. Kxe2 Bxa1 35. Rxa1 Nxd6 36. Bxb7 Nxb7 0-1

[Event "Olympiad-42"]
[Site "Baku"]
[Date "2016.09.11"]
[Round "9.3"]
[White "Andreasen, Joan Hendrik"]
[Black "Yu, Yangyi"]
[Result "0-1"]
[WhiteElo "2239"]
[BlackElo "2725"]
[PlyCount "84"]
[EventDate "2016.09.02"]
[EventType "team-swiss"]
[EventRounds "11"]
[EventCountry "AZE"]
[SourceTitle "CBM 175"]
[Source "ChessBase"]
[SourceDate "2016.11.10"]
[SourceVersion "1"]
[SourceVersionDate "2016.11.10"]
[SourceQuality "1"]
[WhiteTeam "Faroe Islands"]
[BlackTeam "China"]
[WhiteTeamCountry "FAI"]
[BlackTeamCountry "CHN"]

1. d4 Nf6 2. c4 e6 3. Nc3 Bb4 4. g3 d5 5. Bg2 0-0 6. cxd5 exd5 7. Nf3 c6 8. 0-0 Re8 9. a3 Bxc3 10. bxc3 Ne4 11. Qb3 Qb6 12. Qc2 Qa6 13. Re1 Nd7 14. Bf4 Nb6 15. Ng5 Bf5 16. Nxe4 Bxe4 17. Bxe4 Rxe4 18. f3 Re6 19. e4 dxe4 20. fxe4 Rae8 21. Kf2 Qc4 22. Rab1 h6 23. Rb4 Qa6 24. a4 g5 25. Bd2 c5 26. dxc5 Nd7 27. Rd4 Nxc5 28. Kg1 Qc6 29. Rc4 Rxe4 30. Rexe4 Rxe4 31. Rxe4 Qxe4 32. Qxe4 Nxe4 33. Be1 b6 34. Kf1 Nc5 35. a5 bxa5 36. c4 a4 37. Bb4 Nd3 38. Ba3 f5 39. Ke2 Ne5 40. c5 Kf7 41. Bc1 Ke6 42. Kd1 Nd3 0-1

[Event "Olympiad-42"]
[Site "Baku"]
[Date "2016.09.04"]
[Round "3.3"]
[White "Mooney, Graham"]
[Black "Andreasen, Joan Hendrik"]
[Result "0-1"]
[WhiteElo "1840"]
[BlackElo "2239"]
[PlyCount "52"]
[EventDate "2016.09.02"]
[EventType "team-swiss"]
[EventRounds "11"]
[EventCountry "AZE"]
[SourceTitle "CBM 175"]
[Source "ChessBase"]
[SourceDate "2016.11.10"]
[SourceVersion "1"]
[SourceVersionDate "2016.11.10"]
[SourceQuality "1"]
[WhiteTeam "Jersey"]
[BlackTeam "Faroe Islands"]
[WhiteTeamCountry "GCI"]
[BlackTeamCountry "FAI"]

1. e4 e6 2. Nf3 d5 3. Nc3 Nf6 4. e5 Nfd7 5. d4 c5 6. dxc5 Nc6 7. Bf4 Be7 8. h3 Nxc5 9. Bb5 Bd7 10. 0-0 g5 11. Bh2 h5 12. Nd4 Qb6 13. Bxc6 bxc6 14. Nb3 Na6 15. Kh1 g4 16. hxg4 hxg4 17. Qxg4 0-0-0 18. Ne2 Rh4 19. Qg3 Rdh8 20. Nf4 Rxh2+ 21. Qxh2 Rxh2+ 22. Kxh2 c5 23. c4 d4 24. Nd3 Qd8 25. a3 Qg8 26. Na5 Qh7+ 0-1

[Event "Copenhagen Challenge"]
[Site "Ballerup"]
[Date "2016.04.24"]
[Round "8"]
[White "Hoi, Carsten"]
[Black "Andreasen, Joan Hendrik"]
[Result "1/2-1/2"]
[WhiteElo "2393"]
[BlackElo "2227"]
[PlyCount "53"]
[EventDate "2016.04.20"]
[EventType "swiss"]
[EventRounds "9"]
[EventCountry "DEN"]
[SourceTitle "CBM 172 Extra"]
[Source "ChessBase"]
[SourceDate "2016.06.21"]
[SourceVersion "1"]
[SourceVersionDate "2016.06.21"]
[SourceQuality "1"]

1. d4 Nf6 2. c4 g6 3. Nc3 d5 4. Nf3 Bg7 5. cxd5 Nxd5 6. e4 Nxc3 7. bxc3 c5 8. Be3 0-0 9. Rc1 cxd4 10. cxd4 b6 11. h4 Bb7 12. e5 Nc6 13. h5 Qd7 14. hxg6 hxg6 15. Qd2 Rfd8 16. Bb5 Qg4 17. Qe2 Rac8 18. Bc4 e6 19. Rh4 Qxg2 20. Rh2 Qg4 21. Rh4 Qg2 22. Rh2 Qg4 23. Rh4 Qf5 24. Bd3 Nxd4 25. Nxd4 Rxc1+ 26. Bxc1 Qxe5 27. Be3 1/2-1/2

[Event "Copenhagen Challenge"]
[Site "Ballerup"]
[Date "2016.04.23"]
[Round "7"]
[White "Andreasen, Joan Hendrik"]
[Black "Fries Nielsen, Jens Ove"]
[Result "1-0"]
[WhiteElo "2227"]
[BlackElo "2389"]
[PlyCount "91"]
[EventDate "2016.04.20"]
[EventType "swiss"]
[EventRounds "9"]
[EventCountry "DEN"]
[SourceTitle "CBM 172 Extra"]
[Source "ChessBase"]
[SourceDate "2016.06.21"]
[SourceVersion "1"]
[SourceVersionDate "2016.06.21"]
[SourceQuality "1"]

1. d4 c5 2. d5 g6 3. Nc3 Bg7 4. e4 d6 5. Nge2 Na6 6. Ng3 Nc7 7. Be2 a6 8. a4 b6 9. 0-0 Rb8 10. Bf4 b5 11. axb5 axb5 12. Qd2 h5 13. Rfe1 h4 14. Nf1 b4 15. Nd1 Nf6 16. f3 Nh5 17. Be3 e5 18. Nf2 Nf4 19. Nd3 h3 20. g3 Ng2 21. Red1 Nxe3 22. Qxe3 Bh6 23. Qf2 f5 24. exf5 gxf5 25. f4 e4 26. Nxc5 dxc5 27. Bh5+ Kf8 28. Qxc5+ Kg8 29. Qc6 Rh7 30. Ra7 Bf8 31. d6 Ne6 32. d7 Re7 33. Ne3 Ng7 34. Be2 Kh7 35. Rd6 Ne6 36. Nxf5 Bb7 37. Rxb7 Rxb7 38. Nxe7 Qxe7 39. Qxb7 Nd8 40. Qc8 Qxd6 41. Qxd8 Be7 42. Qe8 Kg7 43. Qh5 Qd4+ 44. Kf1 Qxb2 45. Qe5+ Qxe5 46. fxe5 1-0

[Event "Copenhagen Challenge"]
[Site "Ballerup"]
[Date "2016.04.21"]
[Round "3"]
[White "Andreasen, Joan Hendrik"]
[Black "Laustsen, Lars"]
[Result "1/2-1/2"]
[WhiteElo "2227"]
[BlackElo "2128"]
[PlyCount "43"]
[EventDate "2016.04.20"]
[EventType "swiss"]
[EventRounds "9"]
[EventCountry "DEN"]
[SourceTitle "CBM 172 Extra"]
[Source "ChessBase"]
[SourceDate "2016.06.21"]
[SourceVersion "1"]
[SourceVersionDate "2016.06.21"]
[SourceQuality "1"]

1. d4 d5 2. c4 c6 3. Nf3 Nf6 4. Nc3 dxc4 5. a4 Bf5 6. Ne5 Nbd7 7. Nxc4 Qc7 8. Qd2 g6 9. f3 e5 10. dxe5 Nxe5 11. Qf4 Nfd7 12. e4 Be6 13. Nxe5 Qxe5 14. Qxe5 Nxe5 15. Be3 Bg7 16. 0-0-0 0-0 17. Kc2 b6 18. Be2 Rfd8 19. h3 Nd7 20. b3 Bf8 21. Bd4 Bc5 22. Bxc5 1/2-1/2

[Event "Koge Xtracon op"]
[Site "Koge"]
[Date "2015.10.17"]
[Round "8"]
[White "Kristiansen, Jens"]
[Black "Andreasen, Joan Hendrik"]
[Result "1-0"]
[WhiteElo "2431"]
[BlackElo "2219"]
[PlyCount "63"]
[EventDate "2015.10.12"]
[EventType "swiss"]
[EventRounds "9"]
[EventCountry "DEN"]
[SourceTitle "CBM 168 Extra"]
[Source "ChessBase"]
[SourceDate "2015.10.29"]
[SourceVersion "1"]
[SourceVersionDate "2015.10.29"]
[SourceQuality "1"]

1. d4 Nf6 2. c4 e6 3. Nc3 Bb4 4. e3 0-0 5. Bd3 c5 6. Nf3 d5 7. 0-0 cxd4 8. exd4 dxc4 9. Bxc4 Nc6 10. Bg5 h6 11. Bh4 b6 12. a3 Be7 13. Qd3 Bb7 14. Rad1 Rc8 15. Ba2 Nd5 16. Nxd5 Bxh4 17. Bb1 g6 18. Nf4 Qf6 19. Nxh4 Rfd8 20. Nhxg6 Rxd4 21. Qg3 fxg6 22. Nxg6 Kf7 23. f4 Ba6 24. Ne5+ Kf8 25. Bd3 Rcd8 26. Bxa6 Rxd1 27. Nxc6 R8d2 28. Ne5 Qf5 29. Qh4 h5 30. g4 Rxf1+ 31. Bxf1 Qb1 32. Qxh5 1-0

[Event "Koge Xtracon op"]
[Site "Koge"]
[Date "2015.10.16"]
[Round "6"]
[White "Andersen, Rune"]
[Black "Andreasen, Joan Hendrik"]
[Result "0-1"]
[WhiteElo "2103"]
[BlackElo "2219"]
[PlyCount "96"]
[EventDate "2015.10.12"]
[EventType "swiss"]
[EventRounds "9"]
[EventCountry "DEN"]
[SourceTitle "CBM 168 Extra"]
[Source "ChessBase"]
[SourceDate "2015.10.29"]
[SourceVersion "1"]
[SourceVersionDate "2015.10.29"]
[SourceQuality "1"]

1. d4 Nf6 2. Nf3 e6 3. Bg5 h6 4. Bxf6 Qxf6 5. e4 d5 6. e5 Qd8 7. Bd3 c5 8. c3 Nc6 9. a3 a5 10. a4 Bd7 11. 0-0 Qb6 12. dxc5 Bxc5 13. Na3 0-0 14. Qe2 Ne7 15. Nb5 Rac8 16. Kh1 Ng6 17. g3 Bc6 18. Nbd4 Rce8 19. h4 f5 20. Nxc6 bxc6 21. Rab1 Rf7 22. h5 Nf8 23. Kg2 Rb8 24. Nh4 Be7 25. Ng6 Nxg6 26. hxg6 Rff8 27. f4 c5 28. g4 c4 29. Bc2 Qc6 30. Kg3 fxg4 31. Qxg4 Qb6 32. Rfe1 Bc5 33. Re2 d4 34. cxd4 Bxd4 35. f5 exf5 36. Bxf5 Qc5 37. Rbe1 Rxb2 38. Qf4 Bf2+ 39. Rxf2 Qxf2+ 40. Qxf2 Rxf2 41. Be6+ Kh8 42. Bd7 R8f3+ 43. Kg4 Rf1 44. Re4 c3 45. e6 c2 46. e7 c1Q 47. e8Q+ Rf8 48. Qe7 Qd2 0-1

[Event "Koge Xtracon op"]
[Site "Koge"]
[Date "2015.10.15"]
[Round "4"]
[White "Bekker Jensen, Simon"]
[Black "Andreasen, Joan Hendrik"]
[Result "1-0"]
[WhiteElo "2438"]
[BlackElo "2219"]
[PlyCount "55"]
[EventDate "2015.10.12"]
[EventType "swiss"]
[EventRounds "9"]
[EventCountry "DEN"]
[SourceTitle "CBM 168 Extra"]
[Source "ChessBase"]
[SourceDate "2015.10.29"]
[SourceVersion "1"]
[SourceVersionDate "2015.10.29"]
[SourceQuality "1"]

1. c4 e5 2. Nc3 Nc6 3. Nf3 g6 4. g3 Bg7 5. Bg2 Nge7 6. 0-0 0-0 7. Rb1 a5 8. a3 d6 9. b4 axb4 10. axb4 Bf5 11. d3 Qd7 12. Re1 h6 13. b5 Na5 14. Bd2 e4 15. dxe4 Be6 16. Nd5 Nxc4 17. Bxh6 Bxd5 18. Bxg7 Kxg7 19. exd5 Na3 20. Rb4 Nxb5 21. Qd2 c6 22. dxc6 bxc6 23. Ne5 Qc7 24. Nxc6 Nxc6 25. Rxb5 Rac8 26. Bxc6 Qxc6 27. Qd4+ Kg8 28. Rb6 1-0

[Event "DEN-chT 1314 52nd"]
[Site "Denmark"]
[Date "2014.01.11"]
[Round "4.6"]
[White "Andreasen, Joan Hendrik"]
[Black "Hove, Esben Kjems"]
[Result "1-0"]
[WhiteElo "2256"]
[BlackElo "2232"]
[PlyCount "129"]
[EventDate "2013.11.02"]
[EventType "team-tourn"]
[EventRounds "9"]
[EventCountry "DEN"]
[SourceTitle "EXT 2015"]
[Source "ChessBase"]
[SourceDate "2014.11.20"]
[SourceVersion "1"]
[SourceVersionDate "2014.11.20"]
[SourceQuality "1"]
[WhiteTeam "Valby K41"]
[BlackTeam "Nordkalotten"]
[WhiteTeamCountry "DEN"]
[BlackTeamCountry "DEN"]

1. d4 d5 2. c4 c6 3. Nf3 Nf6 4. Nc3 dxc4 5. a4 Bf5 6. Ne5 Nbd7 7. Nxc4 Qc7 8. g3 e5 9. dxe5 Nxe5 10. Bf4 Nfd7 11. Bg2 g5 12. Bxe5 Nxe5 13. Ne3 Rd8 14. Qb3 Be6 15. Qc2 Bc5 16. 0-0 Bxe3 17. fxe3 Qb6 18. Ne4 Qxe3+ 19. Kh1 h6 20. a5 Bb3 21. Ra3 Bxc2 22. Rxe3 Bxe4 23. Rxe4 Rd5 24. a6 Rb5 25. Rf5 f6 26. Rxf6 Ke7 27. Rf5 Ke6 28. Bh3 g4 29. Bxg4 Kd6 30. Rf6+ Kd5 31. Bf3 Nxf3 32. exf3 bxa6 33. Rf5+ Kd6 34. Rf6+ Kd5 35. Rf5+ Kd6 36. Rf6+ Kd5 37. Ree6 Rc8 38. Rd6+ Kc5 39. Rd2 h5 40. Kg2 a5 41. g4 hxg4 42. fxg4 Rcb8 43. Rc2+ Kd4 44. Rfxc6 Rxb2 45. g5 a4 46. Rxb2 Rxb2+ 47. Kg3 a3 48. Ra6 a2 49. h4 Ke4 50. Kg4 Rg2+ 51. Kh5 Kf5 52. Rxa7 Rh2 53. Ra5+ Ke6 54. Kg6 Rxh4 55. Rxa2 Rh1 56. Re2+ Kd6 57. Kg7 Rh3 58. g6 Rh1 59. Kg8 Rh3 60. g7 Rh1 61. Re4 Rh2 62. Kf7 Rf2+ 63. Kg6 Rg2+ 64. Kf6 Kd7 65. Re5 1-0

[Event "Olympiad-40"]
[Site "Istanbul"]
[Date "2012.09.03"]
[Round "6.3"]
[White "Garbett, Paul Anthony"]
[Black "Andreasen, Joan Hendrik"]
[Result "0-1"]
[WhiteElo "2276"]
[BlackElo "2260"]
[PlyCount "86"]
[EventDate "2012.08.28"]
[EventType "team-swiss"]
[EventRounds "11"]
[EventCountry "TUR"]
[SourceTitle "CBM 151"]
[Source "ChessBase"]
[SourceDate "2012.11.13"]
[SourceVersion "1"]
[SourceVersionDate "2012.11.13"]
[SourceQuality "1"]
[WhiteTeam "New Zealand"]
[BlackTeam "Faroe Islands"]
[WhiteTeamCountry "NZL"]
[BlackTeamCountry "FAI"]

1. e4 e6 2. d4 d5 3. Nd2 Be7 4. Bd3 c5 5. dxc5 Nf6 6. exd5 Qxd5 7. Ngf3 Nc6 8. Nb3 0-0 9. 0-0 e5 10. Bb5 Qxd1 11. Rxd1 Bg4 12. Bxc6 bxc6 13. Re1 Bxf3 14. gxf3 Nd7 15. Bd2 f6 16. Re4 Rfd8 17. Ba5 Rdc8 18. Rc4 Kf7 19. Rd1 Ke6 20. Bb4 g5 21. Rc3 Rab8 22. a3 Nf8 23. Ba5 Rb7 24. Rcd3 Ng6 25. Bd2 h6 26. Bc1 Nh4 27. Na5 Rbc7 28. b4 Nf5 29. c3 Rg8 30. Kf1 h5 31. Nc4 g4 32. f4 Nh4 33. Nd6 Rd7 34. fxe5 fxe5 35. Ne4 Rxd3 36. Rxd3 Nf3 37. h3 gxh3 38. Rxf3 h2 39. Rh3 Rg1+ 40. Ke2 h1Q 41. Rxh1 Rxh1 42. Be3 h4 43. Kf3 Rg1 0-1

[Event "FAI-chT"]
[Site "Faroe Islands"]
[Date "2012.03.11"]
[Round "9.4"]
[White "Andreasen, Joan Hendrik"]
[Black "Poulsen, Petur Hans"]
[Result "1-0"]
[WhiteElo "2256"]
[BlackElo "1696"]
[PlyCount "65"]
[EventDate "2011.10.30"]
[EventType "team-tourn"]
[EventRounds "10"]
[EventCountry "FAI"]
[SourceTitle "EXT 2013"]
[Source "ChessBase"]
[SourceDate "2012.11.22"]
[SourceVersion "1"]
[SourceVersionDate "2012.11.22"]
[SourceQuality "1"]
[WhiteTeam "Havnin"]
[BlackTeam "Klaksvik II"]
[WhiteTeamCountry "FAI"]
[BlackTeamCountry "FAI"]

1. d4 Nf6 2. c4 g6 3. Nc3 Bg7 4. e4 0-0 5. f4 d6 6. Nf3 Bg4 7. Be2 Nbd7 8. e5 Ne8 9. h3 Bxf3 10. Bxf3 c6 11. 0-0 Nc7 12. Be3 f6 13. exd6 exd6 14. f5 Nb6 15. Qd3 Qe8 16. Rae1 Qf7 17. d5 c5 18. fxg6 hxg6 19. Bf4 Rad8 20. Re2 Nc8 21. Ne4 Rfe8 22. Rfe1 f5 23. Ng5 Qf6 24. b3 Qd4+ 25. Qxd4 Bxd4+ 26. Kf1 Rxe2 27. Rxe2 Re8 28. Ne6 Nxe6 29. dxe6 b6 30. Bc6 Re7 31. Bd7 Bf6 32. Bxc8 g5 33. Bxd6 1-0

[Event "DEN-chT 1112 50th"]
[Site "Denmark"]
[Date "2012.03.11"]
[Round "9.7"]
[White "Strandby, Martin"]
[Black "Andreasen, Joan Hendrik"]
[Result "0-1"]
[WhiteElo "2214"]
[BlackElo "2256"]
[PlyCount "106"]
[EventDate "2011.10.29"]
[EventType "team-tourn"]
[EventRounds "9"]
[EventCountry "DEN"]
[SourceTitle "EXT 2013"]
[Source "ChessBase"]
[SourceDate "2012.11.22"]
[SourceVersion "1"]
[SourceVersionDate "2012.11.22"]
[SourceQuality "1"]
[WhiteTeam "Sydostfyn"]
[BlackTeam "Valby K41"]
[WhiteTeamCountry "DEN"]
[BlackTeamCountry "DEN"]

1. d4 Nf6 2. Nf3 e6 3. Bg5 h6 4. Bxf6 Qxf6 5. Nbd2 b6 6. e3 Bb7 7. Bd3 c5 8. c3 Nc6 9. Qe2 d5 10. Ba6 Bxa6 11. Qxa6 Qd8 12. 0-0 Qc8 13. Qe2 Be7 14. Ne5 Nxe5 15. dxe5 0-0 16. f4 Qd7 17. Rad1 Rad8 18. Nf3 Qc6 19. b3 a5 20. a4 Rb8 21. c4 dxc4 22. Qxc4 Rfc8 23. Rd3 b5 24. axb5 Rxb5 25. Nd2 Rb4 26. Qc2 Qb5 27. Ra1 Ra8 28. Ra4 Rb8 29. Nc4 Rxb3 30. Rxb3 Qxb3 31. Qxb3 Rxb3 32. Rxa5 g5 33. Nd6 Rxe3 34. Rxc5 gxf4 35. Rc7 Kf8 36. Nc4 Re2 37. Rc8+ Kg7 38. g3 f3 39. Rc7 Bb4 40. Nd6 Bxd6 41. exd6 Rg2+ 42. Kf1 Rxh2 43. d7 Rd2 44. Ke1 Rd3 45. Kf2 Kg6 46. Ra7 f6 47. Ra6 e5 48. Ra7 h5 49. Rb7 Kg5 50. Ra7 e4 51. Ra5+ f5 52. Ra7 h4 53. gxh4+ Kxh4 0-1

[Event "DEN-chT 1112 50th"]
[Site "Denmark"]
[Date "2012.02.19"]
[Round "7.7"]
[White "Andreasen, Joan Hendrik"]
[Black "Brorsen, Jacob Abildlund"]
[Result "1-0"]
[WhiteElo "2256"]
[BlackElo "2106"]
[PlyCount "107"]
[EventDate "2011.10.29"]
[EventType "team-tourn"]
[EventRounds "9"]
[EventCountry "DEN"]
[SourceTitle "EXT 2013"]
[Source "ChessBase"]
[SourceDate "2012.11.22"]
[SourceVersion "1"]
[SourceVersionDate "2012.11.22"]
[SourceQuality "1"]
[WhiteTeam "Valby K41"]
[BlackTeam "BMS"]
[WhiteTeamCountry "DEN"]
[BlackTeamCountry "DEN"]

1. d4 d5 2. c4 e6 3. Nc3 Nf6 4. cxd5 exd5 5. Bg5 c6 6. e3 Be7 7. Bd3 0-0 8. Qc2 Nbd7 9. Nge2 Re8 10. h3 Nf8 11. 0-0-0 b5 12. Kb1 Qa5 13. Nc1 b4 14. Nb3 Qd8 15. Ne2 a5 16. Bxf6 Bxf6 17. Qxc6 Ra7 18. Nf4 Bb7 19. Qc2 Qa8 20. Nc5 Rc8 21. Qe2 Bc6 22. Rc1 Qb8 23. Qh5 Bxd4 24. Nb3 Be5 25. Ne2 g6 26. Qg4 Bd7 27. Qf3 Qd6 28. Rxc8 Bxc8 29. Rc1 Bd7 30. g4 Ne6 31. Nbd4 a4 32. Nxe6 fxe6 33. Nd4 Bg7 34. Nb5 Qe5 35. Rc2 Rb7 36. Nd4 Qd6 37. Qd1 e5 38. Ne2 Bf8 39. e4 d4 40. Bc4+ Kg7 41. Bd5 b3 42. axb3 axb3 43. Rd2 Ra7 44. Bxb3 Qa6 45. Rxd4 exd4 46. Qxd4+ Kh6 47. f4 Qa1+ 48. Kc2 Rc7+ 49. Nc3 Qf1 50. Qf6 Qf2+ 51. Kc1 Qe3+ 52. Kb1 Qc5 53. Bd1 Be7 54. g5+ 1-0

[Event "FAI-chT"]
[Site "Faroe Islands"]
[Date "2012.02.12"]
[Round "7.4"]
[White "Jacobsen, Suni"]
[Black "Andreasen, Joan Hendrik"]
[Result "1-0"]
[WhiteElo "1869"]
[BlackElo "2256"]
[PlyCount "99"]
[EventDate "2011.10.30"]
[EventType "team-tourn"]
[EventRounds "10"]
[EventCountry "FAI"]
[SourceTitle "EXT 2013"]
[Source "ChessBase"]
[SourceDate "2012.11.22"]
[SourceVersion "1"]
[SourceVersionDate "2012.11.22"]
[SourceQuality "1"]
[WhiteTeam "Havnin II"]
[BlackTeam "Havnin"]
[WhiteTeamCountry "FAI"]
[BlackTeamCountry "FAI"]

1. d4 Nf6 2. Nf3 g6 3. g3 Bg7 4. Bg2 d6 5. 0-0 0-0 6. c4 Nc6 7. Nc3 a6 8. e4 e5 9. Bg5 h6 10. Be3 Ng4 11. Qd2 Nxe3 12. fxe3 Bg4 13. d5 Ne7 14. h3 Bd7 15. Ne2 Qb8 16. g4 Qa7 17. Ng3 Qc5 18. b4 Qa7 19. Rac1 Rfd8 20. Qf2 Rf8 21. Qd2 Rad8 22. Rf2 c6 23. c5 Nc8 24. Qe1 Rfe8 25. Rfc2 Bf8 26. Nf1 cxd5 27. exd5 Ba4 28. Rc3 dxc5 29. bxc5 Rxd5 30. N3d2 Rxc5 31. Rxc5 Bxc5 32. Ne4 Be7 33. Rc7 Qb8 34. Rxb7 Qxb7 35. Nf6+ Bxf6 36. Bxb7 Bb5 37. Ng3 Nd6 38. Bd5 Rc8 39. Qd1 Nc4 40. Qf3 Nb6 41. Bb3 Rc6 42. Ne4 Kg7 43. h4 Rc1+ 44. Kg2 Rf1 45. Qg3 Nd7 46. g5 hxg5 47. hxg5 Be7 48. Qh2 Rf5 49. Qh6+ Kg8 50. Qxg6+ 1-0

[Event "DEN-chT 1112 50th"]
[Site "Denmark"]
[Date "2012.01.15"]
[Round "5.8"]
[White "Andreasen, Joan Hendrik"]
[Black "Watson, Colin"]
[Result "1-0"]
[WhiteElo "2256"]
[BlackElo "1918"]
[PlyCount "119"]
[EventDate "2011.10.29"]
[EventType "team-tourn"]
[EventRounds "9"]
[EventCountry "DEN"]
[SourceTitle "EXT 2013"]
[Source "ChessBase"]
[SourceDate "2012.11.22"]
[SourceVersion "1"]
[SourceVersionDate "2012.11.22"]
[SourceQuality "1"]
[WhiteTeam "Valby K41"]
[BlackTeam "Nordea"]
[WhiteTeamCountry "DEN"]
[BlackTeamCountry "DEN"]

1. d4 d5 2. c4 c6 3. Nc3 a6 4. cxd5 cxd5 5. Nf3 Nf6 6. g3 e6 7. Bg2 Bd6 8. 0-0 Nbd7 9. Bf4 Qe7 10. Qb3 0-0 11. a4 Bxf4 12. gxf4 Qd6 13. e3 b6 14. Rfc1 Bb7 15. Ne5 Rac8 16. Bf1 Nb8 17. Bd3 g6 18. Na2 Rxc1+ 19. Rxc1 Rc8 20. Rc3 Rxc3 21. Qxc3 Nfd7 22. Nxd7 Qxd7 23. Qb4 Qc7 24. Kg2 Kg7 25. Qd2 Nc6 26. Qc3 Qd6 27. b4 Kg8 28. b5 axb5 29. axb5 Na7 30. Nb4 Qd7 31. Qa3 Bc8 32. Qa4 Kg7 33. Nc6 Nxc6 34. bxc6 Qc7 35. Bb5 f6 36. Qa8 Kh6 37. Qa3 Kg7 38. Qc3 Kh6 39. Bd3 f5 40. Bb5 Kg7 41. Qb4 Kf7 42. h4 h5 43. Kg3 Kg7 44. Qa3 Kf7 45. f3 Qe7 46. Qc3 Qc7 47. e4 fxe4 48. fxe4 dxe4 49. Qe3 Qd6 50. Qxe4 Qd5 51. Bd3 Qf5 52. Qxf5+ exf5 53. Bc4+ Ke7 54. Kf2 Be6 55. Bxe6 Kxe6 56. Ke3 Kd6 57. d5 Kc7 58. Kd4 Kd6 59. Kc4 g5 60. hxg5 1-0

[Event "FAI-chT"]
[Site "Faroe Islands"]
[Date "2011.11.27"]
[Round "4.3"]
[White "Andreasen, Joan Hendrik"]
[Black "Poulsen, Petur Hans"]
[Result "1-0"]
[WhiteElo "2256"]
[BlackElo "1696"]
[PlyCount "47"]
[EventDate "2011.10.30"]
[EventType "team-tourn"]
[EventRounds "10"]
[EventCountry "FAI"]
[SourceTitle "EXT 2013"]
[Source "ChessBase"]
[SourceDate "2012.11.22"]
[SourceVersion "1"]
[SourceVersionDate "2012.11.22"]
[SourceQuality "1"]
[WhiteTeam "Havnin"]
[BlackTeam "Klaksvik II"]
[WhiteTeamCountry "FAI"]
[BlackTeamCountry "FAI"]

1. d4 c5 2. d5 e6 3. c4 exd5 4. cxd5 d6 5. Nc3 Nf6 6. e4 g6 7. Nf3 Bg7 8. Be2 0-0 9. Qc2 Bg4 10. Bf4 Nh5 11. Bg5 Qa5 12. h3 Bxf3 13. Bxf3 Nf6 14. Bf4 Rd8 15. 0-0 Na6 16. a3 Ne8 17. Rfe1 c4 18. e5 dxe5 19. Bxe5 Bxe5 20. Rxe5 Nd6 21. Ne4 Nb4 22. Qc3 Nxe4 23. Rxe4 Rxd5 24. Qxb4 1-0

[Event "FAI-chT"]
[Site "Faroe Islands"]
[Date "2011.11.20"]
[Round "3.3"]
[White "Andreasen, Joan Hendrik"]
[Black "Hansen, Herluf"]
[Result "0-1"]
[WhiteElo "2256"]
[BlackElo "2049"]
[PlyCount "64"]
[EventDate "2011.10.30"]
[EventType "team-tourn"]
[EventRounds "10"]
[EventCountry "FAI"]
[SourceTitle "EXT 2013"]
[Source "ChessBase"]
[SourceDate "2012.11.22"]
[SourceVersion "1"]
[SourceVersionDate "2012.11.22"]
[SourceQuality "1"]
[WhiteTeam "Havnin"]
[BlackTeam "Havnin"]
[WhiteTeamCountry "FAI"]
[BlackTeamCountry "FAI"]

1. d4 Nf6 2. Bg5 Ne4 3. Bf4 d5 4. f3 Nf6 5. e4 dxe4 6. Nc3 e3 7. Qd3 g6 8. Qxe3 h5 9. Bc4 Bg7 10. Nge2 0-0 11. 0-0-0 a6 12. Kb1 b5 13. Bb3 Nc6 14. d5 Na5 15. Qc5 Ne8 16. Nd4 Nxb3 17. axb3 Bd7 18. Ne6 fxe6 19. dxe6 Nd6 20. Bxd6 cxd6 21. Qd5 Be8 22. Ne4 Rc8 23. Qg5 Qc7 24. c3 b4 25. c4 Rf5 26. Qd2 Bc6 27. Ng3 Rf6 28. Rhe1 a5 29. Qc2 a4 30. bxa4 b3 31. Qe2 Qa5 32. c5 Qxa4 0-1